| 000 | 00455nam a22001697a 4500 | ||
|---|---|---|---|
| 003 | CEME | ||
| 005 | 20210628203310.0 | ||
| 008 | 210122b xxu||||| |||| 00| 0 eng d | ||
| 040 | _c. | ||
| 082 | _a547.0078 RAH | ||
| 100 |
_aAbdur Rahman. Dr _964555 |
||
| 245 | _aExperimental organic chemistry, for graduate and post graduate students | ||
| 260 |
_aLAHORE _bCARAVAN _c2008 |
||
| 300 | _a110P | ||
| 650 |
_aORGANIC CHEMISTRY _961219 |
||
| 942 |
_cBK _2ddc |
||
| 999 |
_c573008 _d573008 |
||